| 000 | 00434cam a2200169ua 4500 | ||
|---|---|---|---|
| 041 |
_aeng _h |
||
| 082 |
_a635.9676 _bCRO/WI |
||
| 100 | _aCrockett, Jamesunderwood . | ||
| 245 |
_aWild flower gardening / _cJames underwood crockett. _hTextual Documents |
||
| 250 |
_a1 / _b. |
||
| 260 |
_aVirginia : _bTime life books , _c1988. |
||
| 300 | _a160 ; . | ||
| 500 | _a** Reference | ||
| 504 | _a | ||
| 942 | _cBK | ||
| 999 |
_c4750 _d4750 |
||